[Event "GER-ch Youth U16 2019"]
[Site "Willingen"]
[Date "2019.06.11"]
[Round "4.13"]
[White "Biermann, Florian"]
[Black "Koehler, Lukas"]
[Result "1/2-1/2"]
[WhiteElo "2018"]
[BlackElo "2068"]
[Annotator "NA"]
[PlyCount "82"]
[EventDate "2019.06.07"]
[EventType "swiss"]
[EventRounds "9"]
[EventCountry "GER"]
[SourceTitle "playchess.com"]
[Source "ChessBase"]
[SourceQuality "1"]
[TimeControl "40/5400+30:1800+30"]

1. c4 {[%emt 0:00:00]} c5 {[%emt 0:00:00]} 2. Nf3 {[%emt 0:00:00]} Nc6 {[%emt 0:00:00]} 3. Nc3 {[%emt 0:00:08]} Nf6 {[%emt 0:03:43]} 4. g3 {[%emt 0:01:04]} e5 {[%emt 0:08:15]} 5. Bg2 {[%emt 0:00:42]} d6 {[%emt 0:00:51]} 6. d3 {[%emt 0:02:59]} h6 {[%emt 0:01:22]} 7. O-O {[%emt 0:01:50]} Be6 {[%emt 0:00:49]} 8. Ne1 {[%emt 0:02:26]} Qd7 {[%emt 0:09:07]} 9. Nc2 {[%emt 0:21:25]} d5 {[%emt 0:10:50]} 10. cxd5 {[%emt 0:00:24]} Nxd5 {[%emt 0:00:07]} 11. Ne3 {[%emt 0:03:02]} Nf6 {[%emt 0:07:56]} 12. Nc4 {[%emt 0:01:00]} Bh3 {[%emt 0:03:25]} 13. b3 {[%emt 0:07:42]} Be7 {[%emt 0:09:24]} 14. Bb2 {[%emt 0:03:05]} h5 {[%emt 0:05:02]} 15. Bxh3 {[%emt 0:21:27]} Qxh3 {[%emt 0:00:18]} 16. f3 {[%emt 0:00:57]} O-O-O {[%emt 0:10:04]} 17. Rf2 {[%emt 0:01:31]} g5 {[%emt 0:03:55]} 18. Qf1 {[%emt 0:04:41]} Qe6 {[%emt 0:01:11]} 19. Ne4 {[%emt 0:04:17]} Nd5 {[%emt 0:02:04]} 20. Nc3 {[%emt 0:05:24]} Rh7 {[%emt 0:06:21]} 21. Nxd5 {[%emt 0:02:20]} Qxd5 {[%emt 0:00:19]} 22. Rd1 {[%emt 0:01:38]} Qe6 {[%emt 0:03:33]} 23. e4 {[%emt 0:00:52]} Bd6 {[%emt 0:02:03]} 24. Ne3 {[%emt 0:00:19]} Ne7 {[%emt 0:00:35]} 25. Qe2 {[%emt 0:00:54]} Rg8 {[%emt 0:01:15]} 26. Qc2 {[%emt 0:00:59]} Kb8 {[%emt 0:01:09]} 27. Qc4 {[%emt 0:00:34]} Qh6 {[%emt 0:01:31]} 28. g4 {[%emt 0:02:29]} Qf6 {[%emt 0:02:24]} 29. Nf5 {[%emt 0:02:30]} Nxf5 {[%emt 0:01:11]} 30. exf5 {[%emt 0:00:05]} Qd8 {[%emt 0:02:12]} 31. Qe4 {[%emt 0:01:44]} f6 {[%emt 0:00:43]} 32. Re2 {[%emt 0:02:50]} Rgh8 {[%emt 0:00:28]} 33. Rdd2 {[%emt 0:01:39]} Qb6 {[%emt 0:01:08]} 34. Kh1 {[%emt 0:00:58]} Qa5 {[%emt 0:01:58]} 35. Rc2 {[%emt 0:01:11]} hxg4 {[%emt 0:00:46]} 36. fxg4 {[%emt 0:00:21]} Qa6 {[%emt 0:01:26]} 37. Rc4 {[%emt 0:00:39]} b5 {[%emt 0:00:29]} 38. Rcc2 {[%emt 0:00:14]} Rh3 {[%emt 0:00:25]} 39. b4 {[%emt 0:01:25]} Qb6 {[%emt 0:00:38]} 40. bxc5 {[%emt 0:01:29]} Bxc5 {[%emt 0:00:20]} 41. Qd5 {[%emt 0:15:00]} Be7 {normal} 1/2-1/2

[Event "GER-ch Youth U16 2019"]
[Site "Willingen"]
[Date "2019.06.12"]
[Round "5.1"]
[White "Woelk, Tom-Frederic"]
[Black "Koellner, Ruben Gideon"]
[Result "0-1"]
[WhiteElo "2239"]
[BlackElo "2299"]
[Annotator "NA"]
[PlyCount "127"]
[EventDate "2019.06.07"]
[EventType "swiss"]
[EventRounds "9"]
[EventCountry "GER"]
[SourceTitle "playchess.com"]
[Source "ChessBase"]
[SourceQuality "1"]
[TimeControl "40/5400+30:1800+30"]

1. e4 {[%emt 0:00:00]} e5 {[%emt 0:00:00]} 2. Nf3 {[%emt 0:00:00]} Nc6 {[%emt 0:00:00]} 3. Bb5 {[%emt 0:00:00]} Nge7 {[%emt 0:00:00]} 4. c3 {[%emt 0:02:36]} g6 {[%emt 0:02:49]} 5. O-O {[%emt 0:00:54]} a6 {[%emt 0:00:02]} 6. Ba4 {[%emt 0:00:25]} Bg7 {[%emt 0:00:14]} 7. d4 {[%emt 0:00:11]} exd4 {[%emt 0:00:12]} 8. cxd4 {[%emt 0:00:05]} b5 {[%emt 0:00:16]} 9. Bc2 {[%emt 0:01:47]} d6 {[%emt 0:00:40]} 10. h3 {[%emt 0:00:10]} O-O {[%emt 0:00:45]} 11. Nc3 {[%emt 0:01:26]} h6 {[%emt 0:01:40]} 12. d5 {[%emt 0:07:54]} Na5 {[%emt 0:00:25]} 13. Rb1 {[%emt 0:11:48]} c6 {[%emt 0:09:52]} 14. dxc6 {[%emt 0:05:18]} Nexc6 {[%emt 0:00:04]} 15. Nd5 {[%emt 0:01:25]} Be6 {[%emt 0:02:28]} 16. b3 {[%emt 0:15:41]} Rc8 {[%emt 0:11:16]} 17. Bb2 {[%emt 0:12:23]} Bxb2 {[%emt 0:05:23]} 18. Rxb2 {[%emt 0:00:05]} Bxd5 {[%emt 0:00:14]} 19. Qxd5 {[%emt 0:04:17]} Qf6 {[%emt 0:02:58]} 20. Rfb1 {[%emt 0:00:12]} Kg7 {[%emt 0:04:02]} 21. Qd2 {[%emt 0:06:53]} Nb7 {[%emt 0:00:29]} 22. b4 {[%emt 0:03:39]} Ne5 {[%emt 0:01:36]} 23. Nxe5 {[%emt 0:00:25]} dxe5 {[%emt 0:00:07]} 24. Bb3 {[%emt 0:00:27]} Nd6 {[%emt 0:00:25]} 25. Qe2 {[%emt 0:05:03]} Rc3 {[%emt 0:03:39]} 26. Rd2 {[%emt 0:01:40]} Rfc8 {[%emt 0:02:33]} 27. Rbd1 {[%emt 0:01:27]} Rc1 {[%emt 0:01:22]} 28. Bd5 {[%emt 0:02:38]} Qe7 {[%emt 0:08:48]} 29. Qe1 {[%emt 0:01:46]} Rxd1 {[%emt 0:02:31]} 30. Rxd1 {[%emt 0:00:28]} Qc7 {[%emt 0:06:14]} 31. Bb3 {[%emt 0:01:51]} Ne8 {[%emt 0:04:40]} 32. Rd5 {[%emt 0:01:30]} Qe7 {[%emt 0:00:52]} 33. Qa1 {[%emt 0:01:41]} Nf6 {[%emt 0:04:00]} 34. Qxe5 {[%emt 0:01:04]} Qxb4 {[%emt 0:00:26]} 35. Rd7 {[%emt 0:01:51]} Rf8 {[%emt 0:00:16]} 36. Kh2 {[%emt 0:02:41]} Qxe4 {[%emt 0:00:45]} 37. Qb2 {[%emt 0:02:52]} Qf5 {[%emt 0:03:25]} 38. Ra7 {[%emt 0:00:29]} Qf4+ {[%emt 0:01:31]} 39. g3 {[%emt 0:00:06]} Qd6 {[%emt 0:00:09]} 40. a3 {[%emt 0:00:57]} Kg8 {[%emt 0:02:03]} 41. Qa2 {[%emt 0:30:28]} Nd7 {[%emt 0:30:47]} 42. Bd5 {[%emt 0:00:00]} Ne5 {[%emt 0:00:00]} 43. a4 {[%emt 0:00:00]} Nc4 {[%emt 0:00:00]} 44. Bg2 {[%emt 0:00:00]} Rd8 {[%emt 0:00:00]} 45. axb5 {[%emt 0:00:00]} axb5 {[%emt 0:00:00]} 46. Rb7 {[%emt 0:00:00]} Qc5 {[%emt 0:00:00]} 47. Qe2 {[%emt 0:00:00]} Kg7 {[%emt 0:00:00]} 48. Qf3 {[%emt 0:00:00]} Nd6 {[%emt 0:00:00]} 49. Re7 {[%emt 0:00:00]} Nf5 {[%emt 0:00:00]} 50. Rb7 {[%emt 0:00:00]} Rd2 {[%emt 0:00:00]} 51. Kg1 {[%emt 0:00:00]} b4 {[%emt 0:00:00]} 52. Bf1 {[%emt 0:00:00]} Nd6 {[%emt 0:02:29]} 53. Rb8 {[%emt 0:00:00]} Ne4 {[%emt 0:02:17]} 54. Be2 {[%emt 0:00:00]} Ng5 {[%emt 0:04:28]} 55. Qg4 {[%emt 0:00:00]} Nxh3+ {[%emt 0:01:20]} 56. Qxh3 {[%emt 0:00:00]} Rxe2 {[%emt 0:00:07]} 57. Qf1 {[%emt 0:00:30]} Qe5 {[%emt 0:00:32]} 58. Kg2 {[%emt 0:01:18]} Rxf2+ {[%emt 0:02:39]} 59. Qxf2 {[%emt 0:00:08]} Qxb8 {[%emt 0:00:05]} 60. Qb2+ {[%emt 0:00:27]} Kg8 {[%emt 0:00:08]} 61. Qb3 {[%emt 0:00:10]} Qb5 {[%emt 0:00:21]} 62. Kh2 {[%emt 0:00:37]} Qc5 {[%emt 0:00:15]} 63. Qa4 {[%emt 0:00:14]} Qc3 {[%emt 0:00:23]} 64. Qa5 {[%emt 0:00:15] normal} 0-1

[Event "GER-ch Youth U16 2019"]
[Site "Willingen"]
[Date "2019.06.12"]
[Round "5.2"]
[White "Stork, Oliver"]
[Black "Suvorov, Alexander"]
[Result "1/2-1/2"]
[WhiteElo "2224"]
[BlackElo "2325"]
[Annotator "NA"]
[PlyCount "68"]
[EventDate "2019.06.07"]
[EventType "swiss"]
[EventRounds "9"]
[EventCountry "GER"]
[SourceTitle "playchess.com"]
[Source "ChessBase"]
[SourceQuality "1"]
[TimeControl "40/5400+30:1800+30"]

1. c4 {[%emt 0:00:00]} g6 {[%emt 0:00:00]} 2. Nc3 {[%emt 0:00:10]} Bg7 {[%emt 0:00:20]} 3. g3 {[%emt 0:00:59]} f5 {[%emt 0:00:54]} 4. d4 {[%emt 0:02:59]} Nf6 {[%emt 0:00:40]} 5. Bg2 {[%emt 0:00:17]} d6 {[%emt 0:00:57]} 6. Nf3 {[%emt 0:01:38]} O-O {[%emt 0:00:22]} 7. O-O {[%emt 0:00:06]} Qe8 {[%emt 0:02:58]} 8. e4 {[%emt 0:15:47]} fxe4 {[%emt 0:16:14]} 9. Ng5 {[%emt 0:00:12]} Bf5 {[%emt 0:01:26]} 10. Ngxe4 {[%emt 0:04:41]} Nxe4 {[%emt 0:04:58]} 11. Nxe4 {[%emt 0:00:28]} Nc6 {[%emt 0:06:59]} 12. Be3 {[%emt 0:01:34]} Kh8 {[%emt 0:21:28]} 13. Rc1 {[%emt 0:16:43]} e5 {[%emt 0:05:45]} 14. d5 {[%emt 0:01:27]} Nd4 {[%emt 0:05:01]} 15. c5 {[%emt 0:06:04]} Qd7 {[%emt 0:04:53]} 16. Ng5 {[%emt 0:17:59]} Rac8 {[%emt 0:08:09]} 17. Bxd4 {[%emt 0:03:51]} exd4 {[%emt 0:00:05]} 18. Qb3 {[%emt 0:00:15]} Bh6 {[%emt 0:03:51]} 19. Ne6 {[%emt 0:04:11]} Bxc1 {[%emt 0:01:07]} 20. Nxf8 {[%emt 0:01:27]} Rxf8 {[%emt 0:00:01]} 21. Rxc1 {[%emt 0:00:06]} dxc5 {[%emt 0:01:23]} 22. Rxc5 {[%emt 0:01:53]} Re8 {[%emt 0:02:11]} 23. Qd1 {[%emt 0:06:15]} d3 {[%emt 0:03:47]} 24. g4 {[%emt 0:06:57]} Bxg4 {[%emt 0:04:45]} 25. Qxd3 {[%emt 0:00:05]} Re1+ {[%emt 0:00:42]} 26. Bf1 {[%emt 0:00:04]} Qe7 {[%emt 0:00:35]} 27. Qc3+ {[%emt 0:02:54]} Qe5 {[%emt 0:00:56]} 28. Qxe5+ {[%emt 0:01:35]} Rxe5 {[%emt 0:00:01]} 29. Rxc7 {[%emt 0:02:11]} Rxd5 {[%emt 0:01:25]} 30. h3 {[%emt 0:01:21]} Bf3 {[%emt 0:00:18]} 31. Kh2 {[%emt 0:00:19]} Rd2 {[%emt 0:01:24]} 32. Kg3 {[%emt 0:00:11]} Bc6 {[%emt 0:00:23]} 33. b4 {[%emt 0:00:41]} Rxa2 {[%emt 0:00:26]} 34. b5 Bd5 {[%emt 0:00:58] normal} 1/2-1/2

[Event "GER-ch Youth U16 2019"]
[Site "Willingen"]
[Date "2019.06.12"]
[Round "5.4"]
[White "Richter, Nils"]
[Black "Wachinger, Nikolas"]
[Result "0-1"]
[WhiteElo "2115"]
[BlackElo "2311"]
[Annotator "NA"]
[PlyCount "64"]
[EventDate "2019.06.07"]
[EventType "swiss"]
[EventRounds "9"]
[EventCountry "GER"]
[SourceTitle "playchess.com"]
[Source "ChessBase"]
[SourceQuality "1"]
[TimeControl "40/5400+30:1800+30"]

1. e4 {[%emt 0:00:00]} c5 {[%emt 0:00:00]} 2. Nf3 {[%emt 0:00:00]} d6 {[%emt 0:00:00]} 3. d4 {[%emt 0:00:00]} Nf6 {[%emt 0:00:00]} 4. Nc3 {[%emt 0:00:01]} cxd4 {[%emt 0:00:00]} 5. Nxd4 {[%emt 0:00:08]} a6 {[%emt 0:00:06]} 6. Rg1 {[%emt 0:00:27]} b5 {[%emt 0:00:17]} 7. g4 {[%emt 0:00:22]} Bb7 {[%emt 0:00:12]} 8. Bg2 {[%emt 0:00:12]} e6 {[%emt 0:00:20]} 9. g5 {[%emt 0:01:48]} Nfd7 {[%emt 0:00:08]} 10. f4 {[%emt 0:00:32]} b4 {[%emt 0:09:50]} 11. Nce2 {[%emt 0:00:09]} Be7 {[%emt 0:04:57]} 12. Ng3 {[%emt 0:03:31]} Nc6 {[%emt 0:14:26]} 13. Nh5 {[%emt 0:09:47]} O-O {[%emt 0:05:56]} 14. Be3 {[%emt 0:11:49]} Na5 {[%emt 0:02:00]} 15. Qe2 {[%emt 0:01:42]} g6 {[%emt 0:07:41]} 16. Ng3 {[%emt 0:06:35]} Qc7 {[%emt 0:03:22]} 17. f5 {[%emt 0:03:04]} e5 {[%emt 0:05:21]} 18. fxg6 {[%emt 0:04:07]} exd4 {[%emt 0:14:54]} 19. Nf5 {[%emt 0:02:16]} Ne5 {[%emt 0:09:18]} 20. g7 {[%emt 0:03:28]} dxe3 {[%emt 0:03:46]} 21. gxf8=Q+ {[%emt 0:00:35]} Bxf8 {[%emt 0:00:19]} 22. O-O-O {[%emt 0:02:37]} Nac4 {[%emt 0:01:30]} 23. Rd4 {[%emt 0:07:18]} Rc8 {[%emt 0:02:24]} 24. Bh3 {[%emt 0:00:26]} Qa5 {[%emt 0:03:59]} 25. Nh6+ {[%emt 0:01:27]} Kh8 {[%emt 0:00:50]} 26. Kb1 {[%emt 0:02:43]} Rc7 {[%emt 0:01:12]} 27. Nxf7+ {[%emt 0:03:34]} Rxf7 {[%emt 0:01:02]} 28. Rxc4 {[%emt 0:00:18]} Nxc4 {[%emt 0:01:41]} 29. Qxc4 {[%emt 0:00:02]} Rc7 {[%emt 0:02:25]} 30. Qd4+ {[%emt 0:01:55]} Qe5 {[%emt 0:00:07]} 31. Qxe3 {[%emt 0:00:27]} Bg7 {[%emt 0:00:25]} 32. Qc1 {[%emt 0:00:43]} Bxe4 {[%emt 0:00:28] normal} 0-1

[Event "GER-ch Youth U16 2019"]
[Site "Willingen"]
[Date "2019.06.12"]
[Round "5.5"]
[White "Yi, Danny"]
[Black "Knuedel, Torben"]
[Result "1/2-1/2"]
[WhiteElo "2205"]
[BlackElo "2044"]
[Annotator "NA"]
[PlyCount "41"]
[EventDate "2019.06.07"]
[EventType "swiss"]
[EventRounds "9"]
[EventCountry "GER"]
[SourceTitle "playchess.com"]
[Source "ChessBase"]
[SourceQuality "1"]
[TimeControl "40/5400+30:1800+30"]

1. e4 {[%emt 0:00:00]} e5 {[%emt 0:00:00]} 2. Nf3 {[%emt 0:00:00]} Nc6 {[%emt 0:00:00]} 3. Bc4 {[%emt 0:00:00]} Bc5 {[%emt 0:00:00]} 4. c3 {[%emt 0:00:14]} Nf6 {[%emt 0:00:00]} 5. d4 {[%emt 0:00:19]} exd4 {[%emt 0:00:06]} 6. e5 {[%emt 0:00:06]} d5 {[%emt 0:01:20]} 7. Bb5 {[%emt 0:00:30]} Ne4 {[%emt 0:00:12]} 8. cxd4 {[%emt 0:00:08]} Bb6 {[%emt 0:00:06]} 9. Nc3 {[%emt 0:00:14]} O-O {[%emt 0:03:45]} 10. Be3 {[%emt 0:02:52]} Bg4 {[%emt 0:03:16]} 11. h3 {[%emt 0:01:36]} Bh5 {[%emt 0:00:04]} 12. Qc2 {[%emt 0:01:20]} Ba5 {[%emt 0:01:35]} 13. O-O {[%emt 0:02:55]} Bxf3 {[%emt 0:03:04]} 14. gxf3 {[%emt 0:00:21]} Nxd4 {[%emt 0:00:42]} 15. Bxd4 {[%emt 0:00:39]} Bxc3 {[%emt 0:00:37]} 16. bxc3 {[%emt 0:02:08]} Qg5+ {[%emt 0:00:29]} 17. Kh1 {[%emt 0:00:34]} Qf5 {[%emt 0:00:07]} 18. fxe4 {[%emt 0:00:51]} Qxh3+ {[%emt 0:00:07]} 19. Kg1 {[%emt 0:00:03]} Qg4+ {[%emt 0:00:06]} 20. Kh1 {[%emt 0:00:05]} Qh3+ {[%emt 0:00:03]} 21. Kg1 {[%emt 0:00:05] normal} 1/2-1/2

[Event "GER-ch Youth U16 2019"]
[Site "Willingen"]
[Date "2019.06.12"]
[Round "5.6"]
[White "Post, Hugo"]
[Black "Fromm, Marius"]
[Result "1-0"]
[WhiteElo "2113"]
[BlackElo "2038"]
[Annotator "NA"]
[PlyCount "139"]
[EventDate "2019.06.07"]
[EventType "swiss"]
[EventRounds "9"]
[EventCountry "GER"]
[SourceTitle "playchess.com"]
[Source "ChessBase"]
[SourceQuality "1"]
[TimeControl "40/5400+30:1800+30"]

1. e4 {[%emt 0:00:00]} e5 {[%emt 0:00:00]} 2. Nf3 {[%emt 0:00:00]} Nc6 {[%emt 0:00:00]} 3. Bb5 {[%emt 0:00:00]} a6 {[%emt 0:00:00]} 4. Ba4 {[%emt 0:00:00]} Nf6 {[%emt 0:00:00]} 5. O-O {[%emt 0:00:08]} Be7 {[%emt 0:00:00]} 6. d3 {[%emt 0:00:09]} b5 {[%emt 0:00:00]} 7. Bb3 {[%emt 0:00:06]} d6 {[%emt 0:00:08]} 8. a4 {[%emt 0:00:25]} Bd7 {[%emt 0:00:55]} 9. c3 {[%emt 0:00:46]} O-O {[%emt 0:01:22]} 10. Nbd2 {[%emt 0:02:19]} Na5 {[%emt 0:07:16]} 11. Bc2 {[%emt 0:00:17]} c5 {[%emt 0:00:17]} 12. Re1 {[%emt 0:03:00]} Nc6 {[%emt 0:04:50]} 13. Nf1 {[%emt 0:02:00]} h6 {[%emt 0:01:36]} 14. h3 {[%emt 0:01:33]} Re8 {[%emt 0:01:01]} 15. Ne3 {[%emt 0:01:46]} Bf8 {[%emt 0:01:14]} 16. Nh2 {[%emt 0:00:57]} Be6 {[%emt 0:16:04]} 17. Nhg4 {[%emt 0:04:40]} Nxg4 {[%emt 0:07:03]} 18. hxg4 {[%emt 0:00:06]} Ne7 {[%emt 0:02:48]} 19. Nf5 {[%emt 0:05:28]} Ng6 {[%emt 0:04:48]} 20. Qf3 {[%emt 0:05:50]} d5 {[%emt 0:02:10]} 21. Qh3 {[%emt 0:05:06]} d4 {[%emt 0:07:00]} 22. g3 {[%emt 0:32:11]} dxc3 {[%emt 0:04:15]} 23. bxc3 {[%emt 0:00:07]} b4 {[%emt 0:00:39]} 24. g5 {[%emt 0:05:51]} hxg5 {[%emt 0:09:12]} 25. Kg2 {[%emt 0:01:31]} b3 {[%emt 0:05:45]} 26. Bb1 {[%emt 0:16:02]} Rb8 {[%emt 0:08:03]} 27. Bb2 {[%emt 0:07:23]} Bxf5 {[%emt 0:03:17]} 28. exf5 {[%emt 0:00:03]} Qd5+ {[%emt 0:00:13]} 29. f3 {[%emt 0:00:16]} g4 {[%emt 0:05:11]} 30. Qxg4 {[%emt 0:00:15]} Ne7 {[%emt 0:00:46]} 31. c4 {[%emt 0:00:56]} Qd7 {[%emt 0:00:34]} 32. d4 {[%emt 0:01:54]} exd4 {[%emt 0:00:07]} 33. Be4 {[%emt 0:00:41]} g6 {[%emt 0:02:28]} 34. fxg6 {[%emt 0:00:59]} Qxg4 {[%emt 0:00:04]} 35. gxf7+ {[%emt 0:00:02]} Kxf7 {[%emt 0:00:07]} 36. fxg4 {[%emt 0:00:02]} Ng6 {[%emt 0:02:03]} 37. Bc6 {[%emt 0:00:52]} Re5 {[%emt 0:01:26]} 38. Rf1+ {[%emt 0:00:35]} Kg7 {[%emt 0:00:29]} 39. Rf2 {[%emt 0:00:40]} Bd6 {[%emt 0:00:38]} 40. Raf1 {[%emt 0:01:44]} Rf8 {[%emt 0:00:49]} 41. Bc1 {[%emt 0:04:57]} Rxf2+ {[%emt 0:02:41]} 42. Kxf2 {[%emt 0:00:06]} Re6 {[%emt 0:08:20]} 43. Bd7 {[%emt 0:04:33]} Rf6+ {[%emt 0:00:31]} 44. Bf5 {[%emt 0:00:14]} Ne5 {[%emt 0:01:38]} 45. Bg5 {[%emt 0:00:50]} Rf8 {[%emt 0:03:40]} 46. Rb1 {[%emt 0:14:27]} Rb8 {[%emt 0:12:17]} 47. Rh1 {[%emt 0:00:41]} Ng6 {[%emt 0:01:36]} 48. Rh6 {[%emt 0:01:06]} Ne7 {[%emt 0:02:57]} 49. Rh7+ {[%emt 0:06:35]} Kg8 {[%emt 0:00:11]} 50. Bxe7 {[%emt 0:00:30]} Bxe7 {[%emt 0:00:11]} 51. Rxe7 {[%emt 0:00:05]} Rb4 {[%emt 0:01:38]} 52. Be4 {[%emt 0:01:08]} b2 {[%emt 0:00:24]} 53. Bb1 {[%emt 0:00:15]} Rxc4 {[%emt 0:00:44]} 54. Rb7 {[%emt 0:00:11]} Rxa4 {[%emt 0:00:23]} 55. Rxb2 {[%emt 0:00:01]} c4 {[%emt 0:02:17]} 56. Ke2 {[%emt 0:00:08]} Kg7 {[%emt 0:01:20]} 57. Rd2 {[%emt 0:01:16]} d3+ {[%emt 0:00:45]} 58. Kd1 {[%emt 0:00:13]} Ra1 {[%emt 0:00:18]} 59. Kc1 {[%emt 0:00:09]} a5 {[%emt 0:00:52]} 60. Ra2 {[%emt 0:00:27]} d2+ {[%emt 0:01:29]} 61. Rxd2 {[%emt 0:00:02]} Kf6 {[%emt 0:00:20]} 62. Kb2 {[%emt 0:01:32]} Ra4 {[%emt 0:00:30]} 63. Bc2 {[%emt 0:00:08]} Rb4+ {[%emt 0:00:29]} 64. Kc3 {[%emt 0:00:04]} Kg5 {[%emt 0:00:20]} 65. Rd4 {[%emt 0:00:06]} Rb8 {[%emt 0:00:49]} 66. Rxc4 {[%emt 0:00:09]} Re8 {[%emt 0:01:05]} 67. Bf5 {[%emt 0:00:29]} Re3+ {[%emt 0:00:09]} 68. Kb2 {[%emt 0:00:08]} Re5 {[%emt 0:00:33]} 69. Ka3 {[%emt 0:00:10] normal} Rb5 {[%emt 0:00:41]} 70. Rc6 {[%emt 0:00:25] normal} 1-0

[Event "GER-ch Youth U16 2019"]
[Site "Willingen"]
[Date "2019.06.12"]
[Round "5.7"]
[White "Rietschel, Tilo"]
[Black "Trifan, Andrei Ioan"]
[Result "1/2-1/2"]
[WhiteElo "2005"]
[BlackElo "2268"]
[Annotator "NA"]
[PlyCount "138"]
[EventDate "2019.06.07"]
[EventType "swiss"]
[EventRounds "9"]
[EventCountry "GER"]
[SourceTitle "playchess.com"]
[Source "ChessBase"]
[SourceQuality "1"]
[TimeControl "40/5400+30:1800+30"]

1. e4 {[%emt 0:00:00]} e5 {[%emt 0:00:03]} 2. Nf3 {[%emt 0:00:00]} Nc6 {[%emt 0:00:05]} 3. Bb5 {[%emt 0:00:00]} a6 {[%emt 0:00:24]} 4. Ba4 {[%emt 0:00:00]} Nf6 {[%emt 0:00:22]} 5. O-O {[%emt 0:00:00]} Be7 {[%emt 0:00:53]} 6. d4 {[%emt 0:00:00]} exd4 {[%emt 0:00:35]} 7. e5 {[%emt 0:00:06]} Ne4 {[%emt 0:01:17]} 8. Nxd4 {[%emt 0:00:07]} Nxd4 {[%emt 0:01:10]} 9. Qxd4 {[%emt 0:00:07]} Nc5 {[%emt 0:00:15]} 10. Nc3 {[%emt 0:00:09]} O-O {[%emt 0:02:43]} 11. Nd5 {[%emt 0:04:24]} Re8 {[%emt 0:03:56]} 12. Re1 {[%emt 0:09:14]} Bf8 {[%emt 0:16:00]} 13. h4 {[%emt 0:15:21]} c6 {[%emt 0:16:22]} 14. Nc3 {[%emt 0:13:18]} b5 {[%emt 0:07:03]} 15. Bb3 {[%emt 0:00:20]} d5 {[%emt 0:01:12]} 16. Bg5 {[%emt 0:02:17]} Qc7 {[%emt 0:04:34]} 17. Bf4 {[%emt 0:08:29]} Be6 {[%emt 0:03:15]} 18. Nd1 {[%emt 0:12:51]} Nxb3 {[%emt 0:06:23]} 19. axb3 {[%emt 0:02:40]} c5 {[%emt 0:00:11]} 20. Qd2 {[%emt 0:03:24]} d4 {[%emt 0:02:59]} 21. b4 {[%emt 0:01:43]} cxb4 {[%emt 0:02:42]} 22. Qxd4 {[%emt 0:02:37]} Qxc2 {[%emt 0:00:05]} 23. Ne3 {[%emt 0:00:19]} Qc6 {[%emt 0:01:09]} 24. Rec1 {[%emt 0:01:15]} Qb7 {[%emt 0:00:51]} 25. Rd1 {[%emt 0:04:21]} Be7 {[%emt 0:06:19]} 26. Bg5 {[%emt 0:00:21]} h6 {[%emt 0:01:38]} 27. Bxe7 {[%emt 0:00:51]} Qxe7 {[%emt 0:01:30]} 28. Qb6 {[%emt 0:03:49]} Bb3 {[%emt 0:04:14]} 29. Rd4 {[%emt 0:04:34]} Qxe5 {[%emt 0:06:25]} 30. Rxb4 {[%emt 0:01:32]} Qxb2 {[%emt 0:01:46]} 31. Rxa6 {[%emt 0:00:56]} Qc1+ {[%emt 0:00:16]} 32. Kh2 {[%emt 0:00:21]} Bc4 {[%emt 0:00:29]} 33. Rxa8 {[%emt 0:02:12]} Rxa8 {[%emt 0:00:03]} 34. Nxc4 {[%emt 0:02:26]} bxc4 {[%emt 0:00:02]} 35. Qc5 {[%emt 0:00:25]} Qf4+ {[%emt 0:03:44]} 36. g3 {[%emt 0:00:05]} Qf3 {[%emt 0:00:19]} 37. Rxc4 {[%emt 0:00:27]} Ra1 {[%emt 0:00:12]} 38. Rc1 {[%emt 0:00:56]} Rxc1 {[%emt 0:00:08]} 39. Qxc1 {[%emt 0:00:04]} Qxf2+ {[%emt 0:00:05]} 40. Kh3 {[%emt 0:00:04]} Kh7 {[%emt 0:02:58]} 41. Qc6 {[%emt 0:13:56]} h5 {[%emt 0:03:07]} 42. Qb7 {[%emt 0:05:28]} Qg1 {[%emt 0:01:06]} 43. Qe4+ {[%emt 0:00:43]} g6 {[%emt 0:00:20]} 44. Qf3 {[%emt 0:02:08]} Kg8 {[%emt 0:00:29]} 45. Qa8+ {[%emt 0:01:27]} Kg7 {[%emt 0:00:01]} 46. Qb7 {[%emt 0:00:15]} Qf1+ {[%emt 0:02:44]} 47. Kh2 {[%emt 0:00:07]} Qf2+ {[%emt 0:00:02]} 48. Kh3 {[%emt 0:00:06]} Qf1+ {[%emt 0:01:28]} 49. Kh2 {[%emt 0:00:10]} Kf6 {[%emt 0:00:03]} 50. Qc6+ {[%emt 0:00:55]} Ke5 {[%emt 0:00:15]} 51. Qc5+ {[%emt 0:03:01]} Ke4 {[%emt 0:00:06]} 52. Qc6+ {[%emt 0:00:57]} Ke3 {[%emt 0:00:52]} 53. Qc5+ {[%emt 0:01:10]} Kd2 {[%emt 0:01:43]} 54. Qb4+ {[%emt 0:00:11]} Kc2 {[%emt 0:00:24]} 55. Qa4+ {[%emt 0:00:19]} Kc3 {[%emt 0:00:12]} 56. Qa3+ {[%emt 0:00:23]} Kd4 {[%emt 0:00:36]} 57. Qd6+ {[%emt 0:00:10]} Ke4 {[%emt 0:00:20]} 58. Qc6+ {[%emt 0:02:35]} Kf5 {[%emt 0:00:58]} 59. Qd5+ {[%emt 0:00:34]} Kf6 {[%emt 0:00:15]} 60. Qd4+ {[%emt 0:02:21]} Ke6 {[%emt 0:00:21]} 61. Qb6+ {[%emt 0:02:01]} Kd5 {[%emt 0:01:08]} 62. Qb7+ {[%emt 0:01:46]} Kc5 {[%emt 0:00:23]} 63. Qc7+ {[%emt 0:00:36]} Kb4 {[%emt 0:00:19]} 64. Qd6+ {[%emt 0:00:10]} Kc3 {[%emt 0:00:07]} 65. Qa3+ {[%emt 0:00:15]} Kd4 {[%emt 0:00:25]} 66. Qd6+ {[%emt 0:00:16]} Ke3 {[%emt 0:00:18]} 67. Qe5+ {[%emt 0:00:29]} Kd2 {[%emt 0:00:09]} 68. Qb2+ {[%emt 0:00:04]} Ke1 {[%emt 0:00:35]} 69. Qc3+ {[%emt 0:00:42]} Ke2 {[%emt 0:00:09] normal} 1/2-1/2